Battle Cats all titan cat variants - Statistics

General Stats
  • This quiz has been taken 11 times
  • The average score is 5 of 24
Answer Stats
Answer % Correct
Titan Cat
91%
Brainwashed Titan Cat
73%
Crazed Titan Cat
55%
Mythical Titan Cat
55%
Jamiera Cat
45%
Brainwashed Jamiera Cat
36%
Li'l Titan Cat
36%
Li'l Jamiera Cat
27%
Manic Jamiera Cat
27%
Brainwashed Mythic Titan
18%
Crazed M. Titan Cat
18%
Li'l Mythical Titan
18%
Maiden Cat
18%
Sportsgirl Cat
9%
Luchador Cat
0%
Manga Daragogogo Cat
0%
Manga Moemoe Cat
0%
Oversleeping Beauty Punt
0%
Sleeping Beauty Punt
0%
Sleeping Beauty Punt II
0%
Splendid!Thick!Big!Cat
0%
Wrestling Cat
0%
Yakisoba Cat
0%
Yakuza Vampire
0%
No matching quizzes found
Score Distribution
Percent of People with Each Score
Percentile by Number Answered
Your Score History
You have not taken this quiz